Religión
Saved in:
| Main Author: | |
|---|---|
| Format: | Book |
| Language: | Spanish |
| Published: |
Madrid
Grupo Anaya
1999
|
| Edition: | 1a. ed |
| Series: | Bachillerato Logse, 1
|
| Subjects: | |
| Tags: |
Add Tag
No Tags, Be the first to tag this record!
|
MARC
| LEADER | 00000nam a2200000 a 4500 | ||
|---|---|---|---|
| 001 | UCK0232 | ||
| 003 | CL-VaPUC | ||
| 008 | 040924e19990000SP |||||||||||||||||spa|d | ||
| 020 | |a 8420789011 | ||
| 082 | 0 | 4 | |a 268 |b BEL |2 21 |
| 100 | 0 | |a Bello Sánchez, Manuel |e author |9 488139 | |
| 245 | 1 | 0 | |a Religión |
| 250 | |a 1a. ed | ||
| 300 | |a 159 p | ||
| 942 | |c BK | ||
| 945 | |d 20040924 00:00:00 |a vberengu | ||
| 260 | |a Madrid |b Grupo Anaya |c 1999 | ||
| 650 | 0 | |a Educación religiosa |9 308312 | |
| 650 | 0 | |a Teología cristiana |9 308336 | |
| 650 | 0 | |a Métodos de enseñanza |9 270413 | |
| 583 | |a last modification |c 20040924 00:00:00 |k Rodrigo Vera | ||
| 490 | 0 | |a Bachillerato Logse, 1 | |
| 999 | |c 310721 |d 310719 | ||
| 952 | |0 0 |1 0 |4 0 |6 268_000000000000000_BEL_1999 |7 0 |8 F |9 379642 |a BIBTEO |b BIBTEO |d 2019-11-21 |i 4067177 |o 268 BEL 1999 |p 4067177 |r 2025-01-17 |w 2019-11-21 |y BK_F |k ICR | ||